000 00626nam a2200205 i 4500
001 83249
003 ES-MaACL
005 20250920063048.0
007 t|
008 041116s1954 sp ||||1| spa d
100 1 _aInsúa, Alberto,
_d1885-1963
_965346
245 1 3 _aEl negro que tenía el alma blanca
_b: ; y La sombra de Peter Wald /
_cAlberto Insúa.
260 _aMadrid :
_bTesoro,
_c[1954] (
_fJosé Ruiz Alonso)
300 _a415 p. ;
_c19 cm.
490 1 _aSiglo XX
740 3 _aLa sombra de Peter Wald.
830 0 _aSiglo XX
_9181819
852 _aES-MaACL
_jC-9747
_bR.37352
999 _c83249
_d83249